000
00157 a2200073 4500
020
_a
9780798134286
082
_a
AJF VELS
245
_a
Liewe heksie en die pampoene
999
_c
793086
_d
793085
942
_w
373
_x
Constance Rauwane
_y
373
_z
Constance Rauwane